L'Histoire par lettre - E - Statistiques

Statistiques générales
  • Ce quiz a été pris 391 fois
  • Le résultat moyen est 7 sur 10
Statistiques - réponses
Indices Réponses % Correct
Il a rendu l'équation « E=mc2 » célèbre Einstein
97%
Francisco Franco provient de ce pays Espagne
93%
20ème président français : Valéry Giscard d'_______ Estaing
91%
Ce royaume intègre le Royaume-Uni en 1707 Écosse
83%
Prénom du « Roi du Rock » Elvis
80%
Reine du Canada, de l'Australie et de la Nouvelle-Zélande en 1954 Élisabeth II
65%
Magnus Carlsen en est le champion depuis 2013 Échecs
63%
Cette technologie fait son apparition en 1965. Elle permet aux utilisateurs de s'envoyer des messages entre eux. Email
47%
Ancien nom de Tokyo Edo
44%
Le Temple d'Artémis était situé dans cette ville turque durant l'Antiquité Éphèse
28%
Aucun quiz correspondant
Distribution des résultats
% des personnes avec chaque résultat
Percentile par nombre de réponses
Votre historique - résultats
Vous n’avez pas pris ce quiz